000 00771nam a2200277Ia 4500
008 160216s9999 xx 000 0 und d
020 _a0-7506-5681-6
050 _aMAIN RA 399
050 _b.A1S93 2004
100 _aSwage, Thoreya
245 _aClinical governance In health care practice /
245 _cThoreya Swage.
260 _aLondon :
260 _bButterworth Heinemann.
260 _c2004
300 _a340 pages:
300 _bill. ;
300 _c24 cm.
500 _aIncludes bibliographical references and index.
650 _aClinical competence.
650 _aEvidence-based medicine.
650 _aMedical care --
650 _aProfessional competence.
650 _aQuality of health care.
650 _xQuality control.
999 _c290858
_d290858